[Event "Niedersachsen-ch op-C"]
[Site "Verden"]
[Date "2013.01.06"]
[Round "7"]
[White "Zozulin, Ilja"]
[Black "Schmidt, Frederik"]
[Result "1/2-1/2"]
[WhiteElo "994"]
[BlackElo "922"]
[PlyCount "119"]
[EventDate "2013.01.03"]
[EventType "swiss"]
[EventRounds "7"]
[EventCountry "GER"]
[SourceTitle "EXT 2021"]
[Source "ChessBase"]
[SourceDate "2020.10.23"]
[SourceVersion "1"]
[SourceVersionDate "2020.10.23"]
[SourceQuality "1"]

1. e4 e5 2. Nf3 Nc6 3. Bb5 Nf6 4. d3 d6 5. 0-0 Be7 6. Re1 Bd7 7. Bxc6 Bxc6 8. Nc3 Qd7 9. d4 0-0-0 10. dxe5 dxe5 11. Qxd7+ Bxd7 12. Nxe5 Be6 13. Be3 Bd6 14. Nf3 a6 15. e5 Bxe5 16. Nxe5 Ng4 17. Nxg4 Bxg4 18. h3 Bf5 19. Rac1 h5 20. b4 b5 21. a4 c6 22. axb5 cxb5 23. Ne2 f6 24. c4 Kb7 25. c5 Be4 26. Nd4 Rc8 27. Rc3 Rc7 28. Rec1 Rhc8 29. f3 Bd5 30. Nf5 Bc4 31. Nd6+ Kc6 32. Nxc4 bxc4 33. Rxc4 Rb7 34. Bf4 g5 35. Bd6 f5 36. g4 f4 37. gxh5 Rh8 38. Kg2 Rxh5 39. Ra1 Kb5 40. c6 Rbh7 41. Rh1 Kxc4 42. c7 Rh8 43. Rc1+ Kd5 44. Be7 Rc8 45. Rc5+ Ke6 46. Bd8 Rh7 47. Rxg5 Rhxc7 48. Bxc7 Rxc7 49. Rg6+ Kf5 50. Rxa6 Rc2+ 51. Kg1 Kg5 52. h4+ Kxh4 53. Rg6 Rb2 54. Rg4+ Kh3 55. Rxf4 Kg3 56. Rg4+ Kxf3 57. Rd4 Ke3 58. Rc4 Kd3 59. Rf4 Kc3 60. Rf7 1/2-1/2

[Event "Niedersachsen-ch op-C"]
[Site "Verden"]
[Date "2013.01.05"]
[Round "5"]
[White "Wosnitza, Dennis"]
[Black "Zozulin, Ilja"]
[Result "1-0"]
[WhiteElo "765"]
[BlackElo "994"]
[PlyCount "121"]
[EventDate "2013.01.03"]
[EventType "swiss"]
[EventRounds "7"]
[EventCountry "GER"]
[SourceTitle "EXT 2021"]
[Source "ChessBase"]
[SourceDate "2020.10.23"]
[SourceVersion "1"]
[SourceVersionDate "2020.10.23"]
[SourceQuality "1"]

1. d4 g6 2. Bf4 Nf6 3. Nc3 Bg7 4. e3 0-0 5. Nb5 d6 6. Bc4 a6 7. Nc3 c5 8. Nge2 Bg4 9. 0-0 Bxe2 10. Qxe2 Nc6 11. Rfd1 Nd7 12. Nd5 cxd4 13. exd4 Nxd4 14. Qxe7 Qxe7 15. Nxe7+ Kh8 16. Bxd6 Rfd8 17. Bd5 Nb6 18. Bxb7 Rxd6 19. Bxa8 Nxa8 20. c3 Ne2+ 21. Kh1 Rxd1+ 22. Rxd1 Bf8 23. Rd8 Kg7 24. Rxa8 Bxe7 25. g3 f5 26. Rxa6 Nc1 27. b4 Ne2 28. Ra7 Kf6 29. a4 Nxc3 30. a5 Bxb4 31. a6 Bc5 32. Rb7 Bxf2 33. a7 Bxa7 34. Rxa7 h5 35. Ra6+ Kg7 36. h4 Ne4 37. Kh2 g5 38. hxg5 Nxg5 39. Ra5 Kg6 40. Ra6+ Kg7 41. Kg2 Ne4 42. Kh3 Nf2+ 43. Kh4 Ne4 44. Re6 Kf7 45. Rh6 Nf6 46. Kg5 Ne4+ 47. Kf4 Kg7 48. Rxh5 Kg8 49. Rxf5 Nd6 50. Re5 Kg7 51. Kg5 Nf7+ 52. Kf5 Nh6+ 53. Kf4 Nf7 54. Re7 Kg6 55. Re6+ Kg7 56. Kf5 Nh6+ 57. Kf4 Nf7 58. g4 Kh7 59. g5 Kg7 60. Kf5 Nh8 61. g6 1-0

[Event "Niedersachsen-ch U12"]
[Site "Rotenburg"]
[Date "2012.04.05"]
[Round "10"]
[White "Blanke, Jannes"]
[Black "Zozulin, Ilja"]
[Result "1-0"]
[WhiteElo "1042"]
[BlackElo "900"]
[PlyCount "49"]
[EventDate "2012.03.31"]
[EventType "swiss"]
[EventRounds "11"]
[EventCountry "GER"]
[SourceTitle "EXT 2015"]
[Source "ChessBase"]
[SourceDate "2014.11.20"]
[SourceVersion "1"]
[SourceVersionDate "2014.11.20"]
[SourceQuality "1"]

1. e4 e5 2. Nf3 Nc6 3. Bc4 Nf6 4. Nc3 Bc5 5. d3 0-0 6. 0-0 d6 7. Bg5 h6 8. Be3 Bxe3 9. fxe3 Ng4 10. Re1 Kh8 11. h3 Nf6 12. d4 exd4 13. exd4 Nh5 14. Bb3 f5 15. e5 dxe5 16. dxe5 Qxd1 17. Raxd1 Re8 18. Bf7 Re7 19. Bxh5 g6 20. Bxg6 f4 21. Be4 Rg7 22. Kf2 Re7 23. Nd5 Rd7 24. Nxf4 Re7 25. Ng6+ 1-0

[Event "Niedersachsen-ch U12"]
[Site "Rotenburg"]
[Date "2012.04.01"]
[Round "2"]
[White "Kiesel, Lucas"]
[Black "Zozulin, Ilja"]
[Result "1-0"]
[WhiteElo "1185"]
[BlackElo "900"]
[PlyCount "79"]
[EventDate "2012.03.31"]
[EventType "swiss"]
[EventRounds "11"]
[EventCountry "GER"]
[SourceTitle "EXT 2015"]
[Source "ChessBase"]
[SourceDate "2014.11.20"]
[SourceVersion "1"]
[SourceVersionDate "2014.11.20"]
[SourceQuality "1"]

1. Nf3 d5 2. g3 Nf6 3. Bg2 g6 4. 0-0 Bg7 5. d3 0-0 6. Nbd2 Nc6 7. e4 dxe4 8. Nxe4 Bf5 9. Re1 Qd5 10. Nxf6+ Bxf6 11. Ne5 Qc5 12. Nxc6 bxc6 13. Be3 Qd6 14. Bf4 Qd7 15. Bh6 Rfe8 16. Qf3 c5 17. Qc6 Rad8 18. Qxc5 Bxb2 19. Rab1 Bf6 20. Bc6 Qd6 21. Qxd6 cxd6 22. Bxe8 Rxe8 23. Be3 Rc8 24. Rec1 Rc7 25. Rb8+ Kg7 26. Ra8 Bb2 27. Rb1 Rxc2 28. Rxa7 Bxd3 29. Rxe7 Re2 30. Rd1 Bc4 31. Bd4+ Bxd4 32. Rxe2 Bc5 33. Rc2 Be6 34. Rcd2 h5 35. a4 f5 36. Rxd6 Bb3 37. a5 Bc4 38. Rc6 Bb3 39. Rd7+ Kh6 40. Rxc5 1-0

[Event "Niedersachsen-ch op-B"]
[Site "Verden"]
[Date "2012.01.02"]
[Round "1"]
[White "Zozulin, Ilja"]
[Black "Balazs, Balint"]
[Result "0-1"]
[WhiteElo "885"]
[BlackElo "1670"]
[PlyCount "41"]
[EventDate "2012.01.02"]
[EventType "swiss"]
[EventRounds "7"]
[EventCountry "GER"]
[SourceTitle "EXT 2021"]
[Source "ChessBase"]
[SourceDate "2020.10.23"]
[SourceVersion "1"]
[SourceVersionDate "2020.10.23"]
[SourceQuality "1"]

1. e4 e6 2. Nf3 d5 3. d3 dxe4 4. dxe4 Qxd1+ 5. Kxd1 Nf6 6. Nc3 b6 7. e5 Ng4 8. Ke1 Bb7 9. Nb5 Kd8 10. Bg5+ Kc8 11. h3 Bxf3 12. gxf3 Nxe5 13. Be2 a6 14. Nd4 Nbc6 15. Rd1 Nxd4 16. Rxd4 Nc6 17. Rd2 Bd6 18. Rg1 Kd7 19. Be3 g6 20. f4 Rad8 21. c3 0-1